NCAA Tournament Finalists Without Wins Quiz Stats

 Plays Quiz Updated Apr 5, 2019

Score 0/30 Timer 05:00
1 Play Today
Year Finalist % Correct
2019Texas Tech
86.3%
2010Butler
79.9%
2011Butler
79.9%
2017Gonzaga
71.8%
1973Memphis State
63.6%
2008Memphis*
63.6%
1983Houston
62.8%
1984Houston
62.8%
2005Illinois
62.6%
1947Oklahoma
62%
1988Oklahoma
62%
1979Indiana State
60.7%
2004Georgia Tech
53.7%
1972Florida State
51.3%
1989Seton Hall
48.6%
Year Finalist % Correct
1951Kansas State
47.2%
1956Iowa
43.8%
1941Washington State
41.4%
1969Purdue
40.7%
1952St. John's
37.2%
1959West Virginia
32.6%
1948Baylor
28%
1970Jacksonville
19.6%
1945NYU
18.5%
1967Dayton
16.6%
1942Dartmouth
14.9%
1944Dartmouth
14.9%
1950Bradley
14%
1954Bradley
14%
1958Seattle
12.8%

You're not logged in!

Compare scores with friends on all Sporcle quizzes.
OR
Log In

Sporcle TV

Today on Sporcle TV


Watch our educational content, quiz creation guides, and fun videos on Sporcle TV.

Show Comments

Extras

Top Quizzes Today


Score Distribution

Your Account Isn't Verified!

In order to create a playlist on Sporcle, you need to verify the email address you used during registration. Go to your Sporcle Settings to finish the process.

Report this User

Report this user for behavior that violates our Community Guidelines.

Details: